Vyhláška k zákonu o e-Governmente Vyhláška Úradu vlády SR č. 8/2014 Z.z. ktorou sa vykonávajú niektoré ustanovenia zákona o e-Governmente

Znenie vyhlášky a jej ciele.

Salvato in:
Dettagli Bibliografici
Natura: Capitolo di libro
Lingua:slovacco
Soggetti:
Tags: Aggiungi Tag
Nessun Tag, puoi essere il primo ad aggiungerne!!

MARC

LEADER 00000naa a2200000 4500
001 0184925
005 20231120130013.0
041 0 |a slo 
044 |a SK 
245 1 0 |a Vyhláška k zákonu o e-Governmente  |b Vyhláška Úradu vlády SR č. 8/2014 Z.z. ktorou sa vykonávajú niektoré ustanovenia zákona o e-Governmente 
520 |a Znenie vyhlášky a jej ciele. 
610 2 0 |a Slovensko 
610 2 0 |a vyhlášky 
610 2 0 |a legislatíva 
610 2 0 |a správa verejná elektronická